| 000 | 01390nam0a2200313 4500 | ||
|---|---|---|---|
| 001 | RU\NLR\bibl\90188 | ||
| 005 | 20260407143016.0 | ||
| 021 |
_aRU _b2000-4753 _9243 |
||
| 035 | _a(NLR Aleph) 000088124 | ||
| 090 |
_a493388 _c493388 |
||
| 100 | _a20000605d1999 |||y0rusy50 ca | ||
| 101 | 1 | _arus | |
| 102 | _aRU | ||
| 105 | _ay ||||||||| | ||
| 200 | 1 |
_aСудебная и административная защита прав интеллектуальной собственности в странах-членах Европейского Сообщества _e[Пер. док.] _fРос. агентство по пат. и товар. знакам, Федер. ин-т пром. собственности (ФИПС) |
|
| 210 |
_aМ. _cБ.и. _d1999 |
||
| 215 |
_a460 с. _d22 |
||
| 320 | _aБиблиогр. в подстроч. примеч. | ||
| 606 | 0 |
_aИнтеллектуальная собственность _xОхрана _yЗарубежные страны _92093221 _3RU\NLR\auth\661266759 |
|
| 686 | _aХ933 | ||
| 686 | _aХ839(0)3 | ||
| 712 | 0 | 2 |
_4570 _aФедеральный институт промышленной собственности _cМосква _3RU\NLR\AUTH\8810014320 _9526561 |
| 801 | 0 |
_aRU _bNLR _c20000605 _gPSBO |
|
| 801 | 1 |
_aRU _bNLR _c20000605 |
|
| 852 |
_aNLR _j2000-5/1046 |
||
| 942 | _cBOOK | ||
| 980 | _aNB | ||